Power plant engineering: a text for engineering and students of engineering covering the theory and practice of stationery electric generating plants (Record no. 1733)

000 -LEADER
fixed length control field 00540nam a22001577a 4500
008 - FIXED-LENGTH DATA ELEMENTS--GENERAL INFORMATION
fixed length control field 200131b ||||| |||| 00| 0 eng d
082 00 - DEWEY DECIMAL CLASSIFICATION NUMBER
Classification number 621.312
Item number M884
100 ## - MAIN ENTRY--PERSONAL NAME
9 (RLIN) 1352
Personal name Morse, Fredwick T.
245 10 - TITLE STATEMENT
Title Power plant engineering: a text for engineering and students of engineering covering the theory and practice of stationery electric generating plants
250 ## - EDITION STATEMENT
Edition statement 2nd
260 ## - PUBLICATION, DISTRIBUTION, ETC. (IMPRINT)
Place of publication, distribution, etc Toronto
Name of publisher, distributor, etc D. Van-Nostrand Co.
Date of publication, distribution, etc 1932
300 ## - PHYSICAL DESCRIPTION
Extent xii,703p.
365 ## - TRADE PRICE
Unit of pricing 36.02
650 #0 - SUBJECT ADDED ENTRY--TOPICAL TERM
Topical term or geographic name as entry element Electric power plants
942 ## - ADDED ENTRY ELEMENTS (KOHA)
Item type Books
Holdings
Withdrawn status Lost status Source of classification or shelving scheme Damaged status Not for loan Permanent location Current location Date acquired Source of acquisition Full call number Barcode Date last seen Koha item type
          IMU Kolkata IMU Kolkata 1953-02-25 A. H. Wheeler 621.312 M884 01465 2020-01-31 Books
          IMU Kolkata IMU Kolkata 1953-02-25 A. H. Wheeler 621.312 M884 01466 2020-01-31 Books
Designed and Maintained by IMU-KC Library, Kolkata Campus © Copyright All Rights Reserved

webs counters

Powered by Koha